MyGZULibrary

The science game : (Record no. 10110)

MARC details
000 -LEADER
fixed length control field 00984cam a2200265 a 4500
001 - CONTROL NUMBER
control field 2525222
003 - CONTROL NUMBER IDENTIFIER
control field GZU
005 - DATE AND TIME OF LATEST TRANSACTION
control field 20211014115517.0
008 - FIXED-LENGTH DATA ELEMENTS--GENERAL INFORMATION
fixed length control field 931022s1994 njua b 001 0 eng
010 ## - LIBRARY OF CONGRESS CONTROL NUMBER
LC control number 93040931
020 ## - INTERNATIONAL STANDARD BOOK NUMBER
International Standard Book Number 013098583X
040 ## - CATALOGING SOURCE
Original cataloging agency DLC
Transcribing agency DLC
Modifying agency DLC
050 00 - LIBRARY OF CONGRESS CALL NUMBER
Classification number H62
Item number .AGN 1994
100 1# - MAIN ENTRY--PERSONAL NAME
Personal name Agnew, Neil McK.
Relator term author
245 14 - TITLE STATEMENT
Title The science game :
Remainder of title an introduction to research in the social sciences /
Statement of responsibility, etc. Neil McK. Agnew, Sandra W. Pyke.
250 ## - EDITION STATEMENT
Edition statement 6th ed.
260 ## - PUBLICATION, DISTRIBUTION, ETC.
Place of publication, distribution, etc. Englewood Cliffs, N.J. :
Name of publisher, distributor, etc. Prentice Hall,
Date of publication, distribution, etc. c1994.
300 ## - PHYSICAL DESCRIPTION
Extent x, 371 p. :
Other physical details ill. ;
Dimensions 23 cm.
504 ## - BIBLIOGRAPHY, ETC. NOTE
Bibliography, etc. note Includes bibliographical references (p. 351-359) and index.
650 #0 - SUBJECT ADDED ENTRY--TOPICAL TERM
Topical term or geographic name entry element Social sciences
General subdivision Research.
700 1# - ADDED ENTRY--PERSONAL NAME
Personal name Pyke, Sandra W.,
Dates associated with a name 1937-
Relator term author
906 ## - LOCAL DATA ELEMENT F, LDF (RLIN)
a 7
b cbc
c orignew
d 1
e ocip
f 19
g y-gencatlg
942 ## - ADDED ENTRY ELEMENTS (KOHA)
Source of classification or shelving scheme Library of Congress Classification
Koha item type Books
Edition Sixth edition
Classification part 62
Item part AGN
Call number prefix H
Holdings
Withdrawn status Lost status Source of classification or shelving scheme Damaged status Not for loan Collection code Home library Current library Shelving location Date acquired Source of acquisition Total Checkouts Full call number Barcode Date last seen Copy number Price effective from Koha item type
    Library of Congress Classification     Non-fiction City Campus Library City Campus Library General Stacks 10/14/2021 American Embassy - Harare   H62 AGN 1994 031591 10/14/2021 c. 1 10/14/2021 Books